تحميل...
Marriage and dissolutio of marriage in Muslim lae /
| المؤلف الرئيسي: | |
|---|---|
| مؤلفون آخرون: | |
| اللغة: | Undetermined |
| منشور في: |
1950
|
| LEADER | 00421nam a2200133Ia 4500 | ||
|---|---|---|---|
| 001 | 118408 | ||
| 008 | 170722s9999 xx 000 0 und d | ||
| 100 | |a Madhava, Anand | ||
| 245 | |a Marriage and dissolutio of marriage in Muslim lae / | ||
| 260 | |c 1950 | ||
| 700 | |a Husain, Mirza Kazmi | ||
| 942 | |c GEN | ||
| 999 | |c 19947 |d 19947 | ||
| 952 | |0 1 |1 0 |4 0 |6 Z_Q7122_J0 |7 0 |9 23591 |a LIB |b LIB |d 2017-08-12 |o Z(Q7),122 J0 |p 54002 |r 2017-08-12 |w 2017-08-12 |y GEN | ||